Ensayo sobre las libertades

Kaydedildi:
Detaylı Bibliyografya
Yazar: Aron, Raymond (Yazar)
Materyal Türü: Kitap
Dil:İspanyolca
Baskı/Yayın Bilgisi: Madrid Alianza 1984
Edisyon:4a. ed
Seri Bilgileri:El libro de bolsillo. Sección: Humanidades
Konular:
Etiketler: Etiketle
Etiket eklenmemiş, İlk siz ekleyin!

MARC

LEADER 00000nam a2200000 a 4500
001 UCV1128
003 CL-VaPUC
008 891020e19840000SP |||||||||||||||||spa|d
082 0 4 |a 323.4  |b ARO  |2 21 
100 0 |a Aron, Raymond  |e author  |9 295362 
245 1 0 |a Ensayo sobre las libertades 
250 |a 4a. ed 
300 |a 237 p 
942 |c BK 
945 |d 19891020 00:00:00 
260 |a Madrid  |b Alianza  |c 1984 
650 0 |a Libertad  |9 255686 
650 7 |a FILOSOFIA POLITICA  |2 CL-VaPUC  |9 295363 
583 |a last modification  |c 19891020 00:00:00  |k Rodrigo Vera 
490 0 |a El libro de bolsillo. Sección: Humanidades 
999 |c 209172  |d 209170 
952 |0 0  |1 0  |4 0  |6 323_400000000000000_ARO_1984  |7 0  |8 DER_TF  |9 184456  |a BIBDER  |b BIBDER  |d 2019-11-14  |i 2517248  |l 1  |o 323.4 ARO 1984  |p 2517248  |r 2023-01-25  |s 2020-03-16  |w 2019-11-14  |x Ubicación 4to Piso  |y BK  |z Estos recursos deben solicitarse con anticipación  |k DER 
952 |0 0  |1 0  |4 0  |6 323_400000000000000_ARO_1984  |7 0  |8 P  |9 184457  |a BIBEDU  |b BIBEDU  |c BIBEDU_PB  |d 2019-11-14  |i 1601474  |o 323.4 ARO 1984  |p 1601474  |r 2024-01-25  |w 2019-11-14  |y BK  |k EDU